Competències en matèria de carreteres de les administracions locals de segon nivell / estudi realitzat el 2006 per: Georgina Andreu ... [et al.] Georgina Andreu ... [et al.]
ISBN:
978-84-9803-211-6
Publicado:
Barcelona :
Diputació de Barcelona. Àrea d'Infraestructures, Urbanisme i Habitatge. Servei de Vies Locals ,
2008
Descripción Física:
91 p. : gràf. ; 24 cm
Colección:
Estudis. Territori ; 4
Otros Autores:
Andreu, Georgina
MARC
| LEADER | 00000nam a2200000Ia 4500 | ||
|---|---|---|---|
| 001 | 20718 | ||
| 008 | 160829s2008 xx 000 0 cat d | ||
| 020 | |a 978-84-9803-211-6 | ||
| 080 | |a M-6-79 | ||
| 245 | |a Competències en matèria de carreteres de les administracions locals de segon nivell / estudi realitzat el 2006 per: |b Georgina Andreu ... [et al.] | ||
| 260 | |a Barcelona : |b Diputació de Barcelona. Àrea d'Infraestructures, Urbanisme i Habitatge. Servei de Vies Locals, |c 2008 | ||
| 300 | |a 91 p. : |b gràf. ; |c 24 cm | ||
| 490 | |a Estudis. Territori ; 4 | ||
| 590 | |a Bibliografia | ||
| 650 | 0 | |a Carreteres |x Dret i legislació |9 37465 | |
| 650 | 0 | |a Administració local |9 34286 | |
| 700 | |a Andreu, Georgina |9 34287 | ||
| 710 | |a Barcelona (Catalunya : Província). |b Servei de Vies Locals |9 53817 | ||
| 901 | |a Arxiu | ||
| 942 | |n 1 | ||
| 952 | |0 0 |1 0 |4 0 |6 M679 |7 1 |9 46454 |a Arxiu |b Arxiu |d 2016-12-01 |l 0 |o M-6-79 |p 20718 |r 2016-12-01 00:00:00 |w 2016-12-01 |y ARXIU | ||
| 999 | |c 50239 |d 50239 | ||